Statistics for Quiz on St Ives in Cornwall

Click here to take the quiz!

General Stats

  • This quiz has been taken 18 times
  • The average score is 6 of 14

Answer Stats

HintAnswer% Correct
This world-famous art gallery is situated in St IvesTate St Ives
88%
There are five beaches in St Ives. True or False?True
88%
This world-famous UK landmark visited by about 400,000 people per year is 15 miles to the west of St IvesLand's End
71%
Since the nineteenth century, St Ives has been known world-wide as what kind of colony?Artist
59%
St Ives is located in which part of Cornwall?Penwith
59%
This modernist sculptor had a studio in St Ives until her death in 1975Barbara Hepworth
53%
The year in which this art gallery was built1993
35%
The name of the person who, along with Hamada Shoji, established the above potteryBernard Leach
29%
The world-famous pottery studio was founded here in 1920Leach Pottery
29%
This author was inspired to write 'To the Lighthouse' after staying in St Ives as a childVirginia Woolf
24%
This man became famous for his childlike representations of boats known as naive artAlfred Wallis
18%
The occupation of the aboveFisherman
18%
This abstract painter was married to the sculptor aboveBen Nicholson
12%
This island with a distinctive white lighthouse can be seen from St IvesGodrevy Island
12%

Score Distribution

Percentile by Number Answered

Percent of People with Each Score

Your Score History

You have not taken this quiz